Грануляция как метод совершенствования технологии переработки полезных ископаемых; Сборник тезисов докладов первой научной сессии вузов, объединенных Западно-Сибирским советом по координации научно-исследовательской работы (19-23 февраля 1963 г.); Вып. 3

Dettagli Bibliografici
Parent link:Сборник тезисов докладов первой научной сессии вузов, объединенных Западно-Сибирским советом по координации научно-исследовательской работы (19-23 февраля 1963 г.): в 3 вып./ СССР, Министерство высшего и среднего специального образования ; гл. ред. К. В. Савицкий.— , 1963
Вып. 3.— 1963.— С. 19
Altri autori: Витюгин В. М., Богма А. С., Луценко Ю. Ф., Плотникова Е. С., Прохорович В. А., Стафиевский А. Н.
Lingua:russo
Pubblicazione: 1963
Soggetti:
Natura: MixedMaterials Capitolo di libro
KOHA link:https://koha.lib.tpu.ru/cgi-bin/koha/opac-detail.pl?biblionumber=187245

MARC

LEADER 00000naa2a2200000 4500
001 187245
005 20231031173928.0
035 |a (RuTPU)RU\TPU\book\203175 
035 |a RU\TPU\tpu\6013 
090 |a 187245 
100 |a 20101112d1963 k y0rusy50 ca 
101 0 |a rus 
102 |a RU 
200 1 |a Грануляция как метод совершенствования технологии переработки полезных ископаемых  |f В. М. Витюгин [и др.] 
461 0 |0 (RuTPU)RU\TPU\book\168745  |t Сборник тезисов докладов первой научной сессии вузов, объединенных Западно-Сибирским советом по координации научно-исследовательской работы (19-23 февраля 1963 г.)  |o в 3 вып.  |f СССР, Министерство высшего и среднего специального образования ; гл. ред. К. В. Савицкий  |d 1963 
463 0 |0 (RuTPU)RU\TPU\book\128725  |t Вып. 3  |v С. 19  |d 1963  |p 129 с. 
610 1 |a горное дело 
610 1 |a труды учёных ТПУ 
701 1 |a Витюгин  |b В. М. 
701 1 |a Богма  |b А. С. 
701 1 |a Луценко  |b Ю. Ф. 
701 1 |a Плотникова  |b Е. С. 
701 1 |a Прохорович  |b В. А. 
701 1 |a Стафиевский  |b А. Н. 
801 0 |a RU  |b 63413507  |c 20011210  |g PSBO 
801 2 |a RU  |b 63413507  |c 20101112  |g PSBO 
942 |c BK